000 00440nam a2200181Ia 4500
008 170705s9999 xx 000 0 und d
020 _a9781842054109
245 4 _aThe water babies :
245 _ba fairy tale for a land-baby /
245 _cCharles Kingsley.
260 _aNew York :
260 _bScholastic,
260 _c2004
300 _a160 pages :
300 _bcolor illustration ;
300 _c20cm.
500 _a1070
999 _c336701
_d336701